Obálka Náhled e-knihy:
Epub
Pro půjčování e-knih musíte být přihlášeni.
Jak si půjčit online?

Anděl smrti : nemocniční vrah Charless Cullen /

Biografie amerického sériového vraha, ošetřovatele Charlese Cullena, jemuž po zatčení v roce 2003 média bleskově vymyslela přezdívku „anděl smrti". Jenže Cullen nevraždil ze soucitu a nebyl ani žádným jednoduchým monstrem.

Uloženo v:
Série:True Crime, část 5
Hlavní autor: Graeber, Charles (Autor)
Další autoři: Žemlík, Boleslav, 1991- (Autor)
Médium: E-kniha
Jazyk:Czech
Vydáno: V Brně : Jota, 2024
Vydání:Vydání první
Edice:True crime (Jota)
Témata:
Příbuzné jednotky:Z cyklu:: True Crime
Tagy:
Žádné tagy
LEADER 03794nam a2200649 i 4500
001 312559
003 CZ PrSKC
005 20260601215724.0
007 ta
008 241108s2024 xr e 000 |dcze
015 |a cnb003641814 
020 |a 9788076893917  |q (vázáno) 
035 |a (OCoLC)1505966394 
040 |a ABG001  |b cze  |d ABA001  |e rda 
041 1 |a cze  |h eng 
043 |a n-us--- 
045 |a x-y- 
072 7 |a 343.9  |x Kriminalistika  |2 Konspekt 
080 |a 343.611-051  |2 MRF 
080 |a 343.611  |2 MRF 
080 |a 343.3/.7  |2 MRF 
080 |a 343.132:351.74  |2 MRF 
080 |a (73)  |2 MRF 
080 |a (0:82-96)  |2 MRF 
100 1 |a Graeber, Charles  |7 xx0325356  |4 aut 
240 1 0 |a Good nurse.  |l Česky 
245 1 0 |a Anděl smrti :  |b nemocniční vrah Charless Cullen /  |c Charles Graeber ; překlad Boleslav Žemlík 
246 3 0 |a Nemocniční vrah Charles Cullen 
250 |a Vydání první 
264 1 |a V Brně :  |b Jota,  |c 2024 
300 |a 367 stran ;  |c 22 cm 
336 |a text  |b txt  |2 rdacontent 
337 |a bez média  |b n  |2 rdamedia 
338 |a svazek  |b nc  |2 rdacarrier 
490 1 |a True crime 
500 |a Přeloženo z angličtiny 
520 2 |a Biografie amerického sériového vraha, ošetřovatele Charlese Cullena, jemuž po zatčení v roce 2003 média bleskově vymyslela přezdívku „anděl smrti". Jenže Cullen nevraždil ze soucitu a nebyl ani žádným jednoduchým monstrem.  |b Charles Cullen byl oblíbený syn, manžel, milující otec, nejlepší přítel a velice kvalifikovaný a často chválený ošetřovatel. Přitom se předpokládá, že by mohl mít na svědomí smrt až 300 pacientů. Charles Graeber představuje Cullena jako překvapivě inteligentního a problematického mladého muže, jehož slibnou kariéru zhatilo nutkání zabíjet a jehož plaché vystupování maskovalo jeho pokřivené nitro i před rodinou a nejbližšími přáteli. Kdyby nebylo dvou neúnavných, dnes již bývalých detektivů z oddělení vražd v Newarku, kteří tvrdě pracovali, aby poskládali všechny dílky obrazu Cullenovy kariéry, a jedné jeho kolegyně z práce, která byla ochotná riskovat svou práci i bezpečí svých dětí, kdo ví, kolik dalších lidských životů mohlo být jeho rukou zmařeno. Nakladatelská anotace. Kráceno. 
600 1 7 |a Cullen, Charles,  |d 1960-  |7 xx0326796  |2 czenas 
648 7 |a 20.-21. století  |7 ch462155  |2 czenas 
650 0 7 |a sérioví vrazi  |7 ph274687  |z Spojené státy americké  |y 20.-21. století  |2 czenas 
650 0 7 |a sériové vraždy  |7 ph166559  |z Spojené státy americké  |y 20.-21. století  |2 czenas 
650 0 7 |a kriminální případy  |7 ph121958  |z Spojené státy americké  |y 20.-21. století  |2 czenas 
650 0 7 |a policejní vyšetřování  |7 ph158343  |z Spojené státy americké  |y 20.-21. století  |2 czenas 
650 0 9 |a serial murderers  |z United States  |y 20th-21st centuries  |2 eczenas 
650 0 9 |a serial murders  |z United States  |y 20th-21st centuries  |2 eczenas 
650 0 9 |a criminal cases  |z United States  |y 20th-21st centuries  |2 eczenas 
650 0 9 |a police enquiry  |z United States  |y 20th-21st centuries  |2 eczenas 
655 7 |a literatura faktu  |7 fd132773  |2 czenas 
655 9 |a non-fiction  |2 eczenas 
700 1 |a Žemlík, Boleslav,  |d 1991-  |7 av2018981070  |4 trl 
830 0 |a True crime (Jota) 
900 |a ABA001  |b 20 
044 |a xr 
787 0 8 |g 5  |i Z cyklu:  |t True Crime 
910 |a RBIT002 
998 |d 415352  |a https://core.palmknihy.cz/api/books/415352/cover?smiubx  |b https://core.palmknihy.cz/api/books/415352/cover/400?smiubx  |c https://core.palmknihy.cz/api/books/415352/cover/50?smiubx  |e 2028-03-03  |g 368  |i 9788076893917  |j https://core.palmknihy.cz/api/books/415352/preview.epub  |l   |q 49  |r 1  |s https://www.palmknihy.cz/kniha/415352  |t ebook  |y 2024  |z 0  |v True Crime  |w 5 
999 |d 312557